La geoquimica en la exploracion petrolera (Registro nro. 136010)

Detalles MARC
001 - NÚMERO DE CONTROL
campo de control 559374
005 - FECHA Y HORA DE LA ÚLTIMA TRANSACCIÓN
campo de control 20250930101333.0
008 - DATOS DE LONGITUD FIJA--INFORMACIÓN GENERAL
campo de control de longitud fija 991027e19990601 spa
035 ## - NÚMERO DE CONTROL DEL SISTEMA
Número de control de sistema 559374
035 ## - NÚMERO DE CONTROL DEL SISTEMA
Número de control de sistema (OCoLC)819815717
040 ## - FUENTE DE LA CATALOGACIÓN
Centro/agencia transcriptor comduadb
041 ## - CÓDIGO DE LENGUA
Código de lengua del texto/banda sonora o título independiente spa
245 13 - MENCIÓN DE TÍTULO
Título La geoquimica en la exploracion petrolera
650 ## - PUNTO DE ACCESO ADICIONAL DE MATERIA--TÉRMINO DE MATERIA
Término de materia o nombre geográfico como elemento de entrada Geoquímica
9 (RLIN) 32360
650 #0 - PUNTO DE ACCESO ADICIONAL DE MATERIA--TÉRMINO DE MATERIA
Término de materia o nombre geográfico como elemento de entrada Industria del petróleo
9 (RLIN) 46983
650 ## - PUNTO DE ACCESO ADICIONAL DE MATERIA--TÉRMINO DE MATERIA
Término de materia o nombre geográfico como elemento de entrada Hidrocarburos
9 (RLIN) 2775
773 0# - ENLACE AL DOCUMENTO FUENTE/ENTRADA DE REGISTRO ANFITRIÓN
Título Carta Petrolera (Bogotá)
Parte(s) relacionada(s) No. 084, Jun. 1999, p. 38-40
Número de control del registro 233916
Número Internacional Normalizado para Publicaciones Seriadas 1657-7205
Número bibliográfico anfitrión 98447
942 ## - ELEMENTOS DE ENTRADA AGREGADA (KOHA)
Tipo de ítem Koha Artículo de Revista

No hay ítems disponibles.